| 000 | 01315cam a2200289 i 4500 | ||
|---|---|---|---|
| 003 | SA-RiAUC | ||
| 005 | 20251001125548.0 | ||
| 008 | 250122s1981 su g 00000 ara c | ||
| 040 |
_aSA-RiAUC _bara _cSA-RiAUC _erda |
||
| 082 | 0 | 4 | _a251.22 |
| 090 |
_a251.22 _bق ا د |
||
| 100 | 1 |
_aالقادري، أحمد بن عبد الله _eمؤلف. |
|
| 245 | 1 | 0 |
_aكتاب مجلة الأحكام الشرعية / _cأحمد بن عبد الله القادري ؛ دراسة وتحقيق عبد الوهاب إبراهيم أبو سليمان، محمد إبراهيم أحمد علي. |
| 246 | 3 | 0 | _aمجلة الأحكام الشرعية |
| 250 | _aالطبعة الأولى. | ||
| 264 | 1 |
_aجدة، السعودية : _bتهامة، _c1981 |
|
| 300 |
_a679 صفحة ؛ _c17 × 25 سم |
||
| 336 |
_aنص _btxt _2rdacontent _3كتاب |
||
| 337 |
_aبدون وسيط _bn _2rdamedia |
||
| 338 |
_aمجلد _bnc _2rdacarrier |
||
| 650 | 7 |
_aالأحكام الشرعية _2aucsh |
|
| 650 | 7 |
_aأصول الفقه الإسلامي _2aucsh |
|
| 700 | 1 |
_aأبو سليمان، عبد الوهاب إبراهيم محمد، _d1355-1444 هجري _eمحقق. |
|
| 700 | 1 |
_aعلي، محمد إبراهيم أحمد، _d1355-1430 هجري _eمحقق. |
|
| 942 |
_2ddc _cBOOK _n0 |
||
| 949 |
_aSA-JeALM _d250122 _umohamedma123 _n1 |
||
| 999 |
_c5168 _d5168 |
||